Statistiques concernant Top 15 des villes les plus peuplées d'Occitanie

Cliquez ici pour prendre le quiz!

Statistiques générales

  • Ce quiz a été pris 83 fois
  • Le résultat moyen est 10 sur 15

Statistiques - réponses

PopulationsVilles% Correct
504 078Toulouse
100%
302 454Montpellier
92%
119 656Perpignan
87%
148 104Nîmes
81%
80 341Béziers
79%
46 218Carcassonne
77%
56 395Narbonne
75%
49 714Albi
72%
61 919Montauban
69%
42 672Castres
61%
44 712Sète
57%
43 955Tarbes
56%
40 159Colomiers
43%
43 892Alès
41%
29 439Tournefeuille
21%

Distribution des résultats

Percentile par nombre de réponses

% des personnes avec chaque résultat

Votre développement - résultats

Vous n’avez pas pris ce quiz